| 000 | 00463 a2200157 4500 | ||
|---|---|---|---|
| 040 | _a0 | ||
| 100 | 1 | _aMalvino, Albert Paul | |
| 245 | 0 | 0 |
_aElectronic principles _cAlbert Paul Malvino |
| 250 | _a5. ed. | ||
| 260 |
_aNew York : _bMcGraw-Hill ; _aNew York : _bMacmillan, _c1994 |
||
| 300 |
_axii, 959 s. : _bill. |
||
| 440 | 0 | _aMcGraw-Hill electrical engineering series, | |
| 650 | 0 | _aElectronics | |
| 650 | 0 | _aElectronic engineering | |
| 942 |
_cBK _k621.3515 MAL _2ddc |
||
| 999 |
_c9911 _d9911 |
||